00222nam a2200097Ia 4500008004100000100001900041245003500060260000800095260000900103546001200112170619s9999 xx 000 0 und d aParashar- B.S. 0aCellular Manufacturing Systems bPHI c2009 aENGLISH